| 000 | 01126cam a2200337 i 4500 | ||
|---|---|---|---|
| 999 |
_c200452657 _d70869 |
||
| 003 | TR-AnTOB | ||
| 005 | 20230920104351.0 | ||
| 007 | ta | ||
| 008 | 230306t20222022tu a||| 001 0 tur d | ||
| 020 |
_a9786052378885 _q(hardback) |
||
| 040 |
_aSULEY _beng _erda _cSULEY _dTR-AnTOB |
||
| 041 | 0 | _atur | |
| 050 | 1 | 4 |
_aKKX2620 _b.A5393 2022 |
| 090 |
_aKKX2620 _b.A5393 2022 |
||
| 245 | 0 | 0 | _aAnayasa Mahkemesi başkanlarının kuruluş yıldönümü konuşmaları, 1984-2022. |
| 250 | _aEkim, 2022 | ||
| 264 | 1 |
_aAnkara : _bAnayasa Mahkemesi Yayınları, _c2022. |
|
| 264 | 4 | _c©2022 | |
| 300 |
_a520 pages : _billustrations ; _c24 cm |
||
| 336 |
_atext _btxt _2rdacontent |
||
| 337 |
_aunmediated _bn _2rdamedia |
||
| 338 |
_avolume _bnc _2rdacarrier |
||
| 500 | _aIncludes index. | ||
| 650 | 0 |
_aAnayasa hukuku _zTürkiye _9116005 |
|
| 650 | 7 |
_aAnayasa mahkemeleri _zTürkiye _9113624 _2etuturkob |
|
| 650 | 7 |
_aYargı süreci _zTürkiye _9108926 _2etuturkob |
|
| 650 | 7 |
_aAnayasalar _zTürkiye _938301 _2etuturkob |
|
| 710 | 1 |
_aTürkiye _bAnayasa Mahkemesi _9120065 |
|
| 942 |
_2lcc _cBK |
||